Unit Conversion 1: km/h - mph - Statistics

General Stats
  • This quiz has been taken 9 times
  • The average score is 9 of 20
Answer Stats
Question Answer % Correct
200 km/h → mph 124
100%
210 km/h → mph 130
100%
85 mph → km/h 137
100%
230 km/h → mph 143
100%
250 km/h → mph 155
100%
10 mph → km/h 16
100%
270 km/h → mph 168
100%
300 km/h → mph 186
100%
340 km/h → mph 211
100%
360 km/h → mph 224
100%
140 mph → km/h 225
100%
370 km/h → mph 230
100%
150 mph → km/h 241
100%
400 km/h → mph 249
100%
50 km/h → mph 31
100%
215 mph → km/h 346
100%
220 mph → km/h 354
100%
245 mph → km/h 394
100%
85 km/h → mph 53
100%
100 km/h → mph 62
100%
40 mph → km/h 64
100%
60 mph → km/h 97
100%
170 mph → km/h 274
67%
235 mph → km/h 378
67%
65 km/h → mph 40
67%
260 km/h → mph 162
50%
110 mph → km/h 177
50%
290 km/h → mph 180
50%
320 km/h → mph 199
50%
330 km/h → mph 205
50%
130 mph → km/h 209
50%
350 km/h → mph 217
50%
135 mph → km/h 217
50%
35 km/h → mph 22
50%
165 mph → km/h 266
50%
5 km/h → mph 3
50%
20 mph → km/h 32
50%
75 km/h → mph 47
50%
80 km/h → mph 50
50%
35 mph → km/h 56
50%
110 km/h → mph 68
50%
120 km/h → mph 75
50%
5 mph → km/h 8
50%
130 km/h → mph 81
50%
90 mph → km/h 145
33%
30 km/h → mph 19
33%
145 mph → km/h 233
33%
160 mph → km/h 257
33%
185 mph → km/h 298
20%
65 mph → km/h 105
0%
170 km/h → mph 106
0%
180 km/h → mph 112
0%
70 mph → km/h 113
0%
190 km/h → mph 118
0%
20 km/h → mph 12
0%
75 mph → km/h 121
0%
80 mph → km/h 129
0%
220 km/h → mph 137
0%
240 km/h → mph 149
0%
95 mph → km/h 153
0%
25 km/h → mph 16
0%
100 mph → km/h 161
0%
105 mph → km/h 169
0%
280 km/h → mph 174
0%
115 mph → km/h 185
0%
310 km/h → mph 193
0%
120 mph → km/h 193
0%
125 mph → km/h 201
0%
380 km/h → mph 236
0%
15 mph → km/h 24
0%
390 km/h → mph 242
0%
155 mph → km/h 249
0%
40 km/h → mph 25
0%
45 km/h → mph 28
0%
175 mph → km/h 282
0%
180 mph → km/h 290
0%
190 mph → km/h 306
0%
195 mph → km/h 314
0%
200 mph → km/h 322
0%
205 mph → km/h 330
0%
210 mph → km/h 338
0%
55 km/h → mph 34
0%
225 mph → km/h 362
0%
60 km/h → mph 37
0%
230 mph → km/h 370
0%
240 mph → km/h 386
0%
25 mph → km/h 40
0%
250 mph → km/h 402
0%
70 km/h → mph 43
0%
30 mph → km/h 48
0%
90 km/h → mph 56
0%
95 km/h → mph 59
0%
10 km/h → mph 6
0%
45 mph → km/h 72
0%
50 mph → km/h 80
0%
140 km/h → mph 87
0%
55 mph → km/h 89
0%
15 km/h → mph 9
0%
150 km/h → mph 93
0%
160 km/h → mph 99
0%
No matching quizzes found
Score Distribution
Percent of People with Each Score
Percentile by Number Answered
Your Score History
You have not taken this quiz